[Event "Magistral Osasco 60 Anos 2022"]
[Site "Sao Paolo"]
[Date "2022.02.24"]
[Round "6.4"]
[White "Di Berardino, Diego Rafael"]
[Black "Pereira, Silvio Cunha"]
[Result "1/2-1/2"]
[WhiteElo "2483"]
[BlackElo "2217"]
[Annotator "ChessBase"]
[PlyCount "134"]
[EventDate "2022.02.19"]
[EventType "tourn"]
[EventCountry "BRA"]
[SourceTitle "playchess.com"]
[Source "ChessBase"]
[SourceQuality "1"]
[TimeControl "40/5400+30:1800+30"]

1. e4 {[%emt 0:01:35]} e5 {[%emt 0:00:07]} 2. Nf3 {[%emt 0:00:08]} Nc6 {[%emt 0:00:06]} 3. Bc4 {[%emt 0:00:12]} Bc5 {[%emt 0:00:07]} 4. c3 {[%emt 0:00:23]} Nf6 {[%emt 0:00:44]} 5. d4 {[%emt 0:00:51]} exd4 {[%emt 0:00:12]} 6. e5 {[%emt 0:00:10]} d5 {[%emt 0:00:24]} 7. Be2 {[%emt 0:01:07]} Ne4 {[%emt 0:00:56]} 8. cxd4 {[%emt 0:00:04]} Bb4+ {[%emt 0:01:16]} 9. Bd2 {[%emt 0:01:23]} Bxd2+ {[%emt 0:03:43]} 10. Nbxd2 {[%emt 0:00:05]} O-O {[%emt 0:00:24]} 11. O-O {[%emt 0:02:28]} f6 {[%emt 0:01:25]} 12. Bb5 {[%emt 0:05:26]} Ne7 {[%emt 0:07:07]} 13. exf6 {[%emt 0:06:42]} gxf6 {[%emt 0:00:46]} 14. Re1 {[%emt 0:01:31]} Nd6 {[%emt 0:00:51]} 15. Bd3 {[%emt 0:01:31]} Bf5 {[%emt 0:04:06]} 16. Bxf5 {[%emt 0:29:14]} Nexf5 {[%emt 0:02:23]} 17. Qb3 {[%emt 0:10:32]} c6 {[%emt 0:00:23]} 18. Ne4 {[%emt 0:01:22]} Qb6 {[%emt 0:15:11]} 19. Nc5 {[%emt 0:02:09]} Qxb3 {[%emt 0:02:06]} 20. Nxb3 {[%emt 0:00:38]} Kf7 {[%emt 0:01:19]} 21. Nc5 {[%emt 0:02:01]} Rfe8 {[%emt 0:01:17]} 22. Kf1 {[%emt 0:00:15]} b6 {[%emt 0:03:01]} 23. Na6 {[%emt 0:05:23]} Re4 {[%emt 0:02:37]} 24. Rac1 {[%emt 0:01:44]} Rc8 {[%emt 0:00:57]} 25. a4 {[%emt 0:01:50]} Rxe1+ {[%emt 0:10:30]} 26. Kxe1 {[%emt 0:01:26]} h5 {[%emt 0:03:15]} 27. Ke2 {[%emt 0:03:16]} Ke6 {[%emt 0:01:08]} 28. Kd3 {[%emt 0:00:24]} Ne4 {[%emt 0:02:45]} 29. Ke2 {[%emt 0:03:41]} Kd6 {[%emt 0:01:22]} 30. Nb4 {[%emt 0:02:06]} a5 {[%emt 0:02:57]} 31. Nd3 {[%emt 0:05:18]} Ng5 {[%emt 0:10:23]} 32. Nde1 {[%emt 0:00:58]} Re8+ {[%emt 0:01:17]} 33. Kd3 {[%emt 0:03:35]} Ne4 {[%emt 0:00:50]} 34. Rc2 {[%emt 0:00:28]} c5 {[%emt 0:01:11]} 35. Re2 {[%emt 0:01:17]} cxd4 {[%emt 0:02:01]} 36. Nxd4 {[%emt 0:02:51]} Nc5+ {[%emt 0:00:47]} 37. Kd2 {[%emt 0:00:05]} Rxe2+ {[%emt 0:00:20]} 38. Nxe2 {[%emt 0:00:03]} Ne4+ {[%emt 0:00:52]} 39. Kc2 {[%emt 0:01:08]} Nxf2 {[%emt 0:00:18]} 40. Nf4 {[%emt 0:00:00]} h4 {[%emt 0:00:00]} 41. Nf3 {[%emt 0:00:46]} Ng4 {[%emt 0:05:45]} 42. Kc3 {[%emt 0:03:54]} Ne5 {[%emt 0:03:02]} 43. Nd4 {[%emt 0:00:22]} Nxd4 {[%emt 0:01:44]} 44. Kxd4 {[%emt 0:00:03]} Nc6+ {[%emt 0:00:20]} 45. Kc3 {[%emt 0:02:54]} Ne7 {[%emt 0:01:06]} 46. Kd4 {[%emt 0:00:39]} Nf5+ {[%emt 0:02:42]} 47. Kd3 {[%emt 0:00:21]} Ne7 {[%emt 0:03:32]} 48. Kd4 {[%emt 0:00:20]} Nc6+ {[%emt 0:00:46]} 49. Kc3 {[%emt 0:01:20]} d4+ {[%emt 0:07:28]} 50. Kc4 {[%emt 0:15:15]} Ke5 {[%emt 0:08:54]} 51. Ng6+ {[%emt 0:02:20]} Ke4 {[%emt 0:00:05]} 52. Nxh4 {[%emt 0:00:02]} Ne5+ {[%emt 0:00:11]} 53. Kb3 {[%emt 0:00:03]} Kf4 {[%emt 0:00:15]} 54. Kc2 {[%emt 0:02:03]} Kg4 {[%emt 0:01:43]} 55. g3 {[%emt 0:00:05]} Kh3 {[%emt 0:00:41]} 56. b3 {[%emt 0:03:47]} Kxh2 {[%emt 0:00:40]} 57. Nf5 {[%emt 0:00:02]} Kh3 {[%emt 0:03:43]} 58. Nxd4 {[%emt 0:03:51]} Kxg3 {[%emt 0:00:07]} 59. Kc3 {[%emt 0:00:05]} Kg4 {[%emt 0:08:35]} 60. b4 {[%emt 0:02:07]} f5 {[%emt 0:01:16]} 61. bxa5 {[%emt 0:00:18]} bxa5 {[%emt 0:00:07]} 62. Ne6 {[%emt 0:01:48]} f4 {[%emt 0:01:31]} 63. Nxf4 {[%emt 0:00:54]} Kxf4 {[%emt 0:00:06]} 64. Kd4 {[%emt 0:00:02]} Nd7 {[%emt 0:01:28]} 65. Kc4 {[%emt 0:00:25]} Nb6+ {[%emt 0:00:24]} 66. Kb5 {[%emt 0:00:06]} Nxa4 {[%emt 0:00:06]} 67. Kxa5 {[%emt 0:00:05]} Ke5 {[%emt 0:06:19]} 1/2-1/2

[Event "Magistral Osasco 60 Anos 2022"]
[Site "Sao Paolo"]
[Date "2022.02.24"]
[Round "6.5"]
[White "El Debs, Felipe de Cresce"]
[Black "Alboredo, Julia"]
[Result "1-0"]
[WhiteElo "2553"]
[BlackElo "2216"]
[Annotator "TA"]
[PlyCount "133"]
[EventDate "2022.02.19"]
[EventType "tourn"]
[EventCountry "BRA"]
[SourceTitle "playchess.com"]
[Source "ChessBase"]
[SourceQuality "1"]

{[%evp 18,133,0,0,3,0,12,0,0,0,0,-14,-6,-5,-7,-14,51,9,22,28,59,0,0,0,0,0,16,0,0,0,0,0,0,0,0,0,0,0,90,90,90,89,89,89,121,132,135,78,119,90,83,81,90,71,100,88,100,81,100,104,114,114,151,122,184,169,200,200,229,229,229,222,221,218,368,368,376,156,156,156,161,224,247,179,681,589,1736,1699,1459,1184,1559,1241,952,795,29961,29953,29955,29957,29961,29962,29966,29967,29966,29968,29969,29970,29969,29969,29971,29972,29972,29973,29972,29973,29975,29975,29976,12370]} 1. d4 d5 2. c4 c6 3. Nf3 Nf6 4. Nc3 e6 5. cxd5 exd5 6. Qc2 g6 7. Bg5 Bg7 8. e3 Bf5 9. Bd3 Bxd3 10. Qxd3 O-O {D35: Queen's Gambit Declined: Exchange Variation.} 11. O-O Qd6 12. Rab1 a5 {The position is equal.} 13. Rfc1 Nbd7 {[#]} 14. a3 $146 ({Predecessor:} 14. Bf4 Qe7 15. h3 Ne4 16. Na4 f5 17. Nd2 g5 18. Bg3 h5 19. Nxe4 fxe4 20. Qb3 {½-½ (42) Johari,C (1839)-Raghunandan,K (2236) Kalutara 2015}) 14... Rfe8 15. Qc2 Ne4 16. Nxe4 Rxe4 (16... dxe4 $11 17. Nd2 Qe6) 17. Bf4 (17. b4 $1 $14) 17... Qf8 $1 $11 18. b4 {bxa5 is the strong threat.} axb4 19. Rxb4 (19. axb4 $14 Bf6 20. Bg3) 19... Qc8 $1 20. Qb3 b6 21. h3 h6 22. Ne5 Nxe5 23. Bxe5 Bxe5 24. dxe5 Rxb4 25. Qxb4 {[%mdl 4096] Endgame KQR-KQR} Qc7 26. Qd6 Qxd6 27. exd6 {KR-KR} Rc8 (27... c5 $11) 28. d7 Rd8 29. Rxc6 {Strongly threatening Rc8.} Rxd7 30. Rxb6 d4 31. exd4 Rxd4 32. Rb1 ({White should try} 32. Ra6) 32... Kf8 ({Better is} 32... Ra4) 33. Kf1 Ra4 34. Rb3 Ke7 35. Rd3 Rc4 36. Ke2 Rc1 37. Rd1 Rc2+ 38. Rd2 Rc1 39. Ra2 {Prevents Ra1.} Kd7 40. Kd3 Rg1 (40... Rc5 $16 {might work better.} 41. a4 Ra5) 41. f3 $18 Kc6 42. a4 {[%cal Ba3a4,Ba4a5][%mdl 32]} Kb6 43. a5+ Ka6 44. Ke4 Re1+ 45. Kf4 Rc1 (45... Re6 {was worth a try.} 46. Ra3 Re2) 46. Rd2 Rc4+ 47. Ke3 (47. Ke5 $18 {is the precise move to win.}) 47... Kxa5 $16 48. Rd7 $1 Rc2 49. g4 Rh2 50. Rxf7 Rxh3 $2 (50... g5 51. Rh7 Rxh3) 51. Kf2 $18 {Black must now prevent Kg2.} g5 52. Kg2 {Prevents Rh2+.} Rh4 53. Rb7 {And now Rb1 would win.} Ka6 54. Rb8 {Threatens to win with Rb1.} h5 55. Kg3 $1 {Rh8 would kill now.} hxg4 56. fxg4 {White mates.} Rh1 57. Rg8 Kb6 58. Rxg5 Kc6 59. Re5 Kd6 60. Re2 Rg1+ 61. Kh4 Rh1+ {[#]} 62. Kg5 $1 Rh8 63. Kf6 Rf8+ {[#]} 64. Kg7 $1 Ra8 65. g5 {[%cal Bg4g5,Bg5g6][%mdl 32]} Ra1 66. g6 Rf1 67. Kg8 {Weighted Error Value: White=0.12 (very precise) /Black=0.44} (67. Rh2 $142 Rb1 68. Kh7 Ke5 69. g7 Rb7 70. Kh8 Rb8+ 71. g8=Q Rxg8+ 72. Kxg8) 1-0

[Event "Magistral Osasco 60 Anos 2022"]
[Site "Sao Paolo"]
[Date "2022.02.25"]
[Round "7.1"]
[White "Alboredo, Julia"]
[Black "Stamenkovic, Dragan"]
[Result "0-1"]
[WhiteElo "2216"]
[BlackElo "2378"]
[Annotator "TA"]
[PlyCount "102"]
[EventDate "2022.02.19"]
[EventType "tourn"]
[EventCountry "BRA"]
[SourceTitle "playchess.com"]
[Source "ChessBase"]
[SourceQuality "1"]

{[%evp 9,102,18,25,0,2,0,22,22,19,19,19,19,20,20,19,14,28,15,23,0,0,0,0,0,0,0,0,0,0,0,-11,-16,-5,-12,-5,-5,0,-14,-7,-56,-61,-50,-68,-66,-70,-69,-38,-48,-50,-58,-33,-33,-22,-316,-33,-372,-358,-350,-332,-268,0,0,0,0,0,-12833,-12833,-12833,-12834,-12834,-12835,-12835,-12835,-12835,-12835,-12838,-12839,-12839,-12839,-12840,-12840,-12841,-12841,-12841,-12842,-12842,-12843,-12843,-12843,-12844,-12843,-12845,-12845,-12845,-12846]} 1. e4 d5 2. exd5 Qxd5 3. Nc3 Qd6 4. d4 Nf6 5. Nge2 Bf5 6. Ng3 {B01: Scandinavian Defence.} Bg6 {[#]} 7. h4 $146 ({Predecessor:} 7. Bd3 e6 8. O-O Be7 9. Re1 c6 10. Be3 Nbd7 11. Qd2 Nb6 12. a4 a5 13. Bf4 {½-½ (47) Coman,L (1726)-Holmstrom,J (1917) Bucharest 2019}) 7... h5 8. Bd3 {Threatens to win with Bxg6. The position is equal.} Bxd3 9. Qxd3 Nc6 10. Be3 O-O-O {[%cal Rc6d4]} 11. O-O-O $1 e6 {Prevents d5.} 12. Nge4 Nxe4 13. Qxe4 Nb4 14. a3 Nd5 15. Nxd5 Qxd5 16. Qxd5 exd5 17. Bg5 Re8 18. Rde1 Bd6 19. g3 Kd7 20. Kd1 Re6 21. Rxe6 Kxe6 $11 {[%mdl 4096] Endgame KRB-KRB} 22. Re1+ Kd7 23. Ke2 Re8+ 24. Kf1 (24. Be3 $1 $11) 24... Rxe1+ $15 25. Kxe1 {KB-KB} Ke6 26. Ke2 Kf5 27. Kf3 $1 f6 28. Be3 g5 {[%cal Bg7g5,Bg5g4][%mdl 32]} 29. Bd2 b6 30. a4 Bf8 {Strongly threatening ...g4+.} 31. Bc1 $2 {[%mdl 8192]} (31. b4 $11 {and White has nothing to worry.}) 31... a6 $2 (31... g4+ $1 $19 32. Ke2 Ke4) 32. Bd2 $2 {[%mdl 8192]} ({White must play} 32. hxg5 $1 $15 fxg5 33. Kg2) 32... g4+ $19 33. Ke2 {[#]} Ke4 34. Bf4 {[#]} Bd6 (34... c6 $1 $19 {And now ...b5 would win.} 35. Bc7 Kxd4) 35. Bxd6 $11 cxd6 {KP-KP} 36. c3 b5 (36... f5 $5) 37. axb5 {[%mdl 8192] White is on the road to losing.} (37. a5 $11) 37... axb5 $19 {Black is clearly winning.} 38. Kd2 Kf3 39. Ke1 f5 40. Kf1 f4 41. gxf4 Kxf4 42. Ke2 Ke4 43. Kd2 Kf3 44. Ke1 g3 45. fxg3 Kxg3 46. Ke2 Kxh4 47. Kf3 Kg5 48. Kg3 h4+ {[%cal Bh5h4,Bh4h3][%mdl 32]} 49. Kh3 Kh5 50. Kg2 Kg4 51. Kh2 h3 {Weighted Error Value: White=0.50/Black=0.23 (precise)} 0-1

[Event "Magistral Osasco 60 Anos 2022"]
[Site "Sao Paolo"]
[Date "2022.02.25"]
[Round "7.2"]
[White "Pereira, Silvio Cunha"]
[Black "El Debs, Felipe de Cresce"]
[Result "1/2-1/2"]
[WhiteElo "2217"]
[BlackElo "2553"]
[Annotator "TA"]
[PlyCount "78"]
[EventDate "2022.02.19"]
[EventType "tourn"]
[EventCountry "BRA"]
[SourceTitle "playchess.com"]
[Source "ChessBase"]
[SourceQuality "1"]

{[%evp 15,78,0,18,0,-20,-29,-19,-12,-20,-25,-32,-110,-83,-104,-96,-97,-103,-341,-338,-470,-464,-457,-457,-440,-452,-409,-406,-389,0,-249,2134,-29999,1892,-216,2191,-354,750,-149,29989,444,1487,0,1347,46,2188,73,1079,900,4682,560,481,-99,4794,-89,915,-44,1044,-52,2806,-197,4702,-665,4710,-422,101]} 1. e4 c5 2. Nf3 Nc6 3. d4 cxd4 4. Nxd4 Nf6 5. Nc3 d6 6. g3 g6 7. Bg2 Nxd4 8. Qxd4 Bg7 9. Qb4 {[#] B70: Sicilian Dragon: 6 g3 and 6 Be2 (without a later Be3).} a5 $146 ({Predecessor:} 9... O-O 10. a4 Qc7 11. a5 Be6 12. e5 Nd7 13. exd6 exd6 14. O-O Rab8 15. Rd1 Ne5 16. Rxd6 Rfc8 {1-0 (72) Popovic,P (2520)-Makarov,M (2515) Cetinje 1993}) 10. Qb5+ Nd7 11. Nd5 {The position is equal.} e6 12. Ne3 O-O 13. h4 (13. Qe2 $15) 13... b6 14. Qc6 {[%csl LRa8,LRd6]} Ba6 15. Qxd6 Qc8 {And now ...Rd8 would win.} 16. h5 $2 (16. Bf1 $17) 16... Rd8 $19 {...Ne5 is the strong threat.} (16... Be5 17. Qa3 $11) 17. f4 {To avoid Ne5} (17. hxg6 Ne5 18. gxf7+ (18. gxh7+ $2 Kh8 $19) (18. Qxb6 Nf3+ 19. Bxf3 Bc3+) 18... Kxf7 19. Qxd8 (19. Qxb6 Nf3+ 20. Bxf3 Bc3+) 19... Qxd8) 17... Bf8 18. Qd1 {[#]} Ne5 {[%mdl 512]} 19. Bd2 {[#]} Bb4 $1 20. Bxb4 Rxd1+ 21. Rxd1 gxh5 $2 22. fxe5 $2 (22. Be7 $11 Qe8 23. Bd6) 22... Qc5 $4 {[%mdl 8192]} 23. Rxh5 $4 {[%mdl 8192]} Bb5 $4 {[%mdl 8192]} 24. Kf2 $4 {[%mdl 8192]} f5 $4 {[%mdl 8192]} 25. Kf3 $4 {[%mdl 8192]} Qxe5 $4 {[%mdl 8192]} (25... Qxb4 26. exf5 Bc6+ 27. Kf2 Bxg2 28. Kxg2 Qe4+ 29. Kf2 Qxe5 30. Rd7 $15) (25... axb4 $2 26. Rg5+ Kh8 27. exf5 Qxe5 28. Bf1 $19 (28. Kf2 $2 Re8 $19)) (25... fxe4+ $19 26. Kxe4 Qxb4+ 27. Rd4 Qe1) 26. exf5 $2 Rd8 $2 {[%mdl 8192]} 27. Kf2 Rf8 (27... Rxd1 $142 28. Rg5+ Kf7) 28. Bf3 $2 Be8 $2 {[%mdl 8192]} (28... axb4 $11 29. Rh6 exf5) 29. Rh4 $2 Qxb2 $2 {[%mdl 8192]} (29... axb4 $14 30. Re4 (30. Rxb4 exf5 31. Rd5 Qe7 $11) 30... Qxb2) 30. Rdd4 $2 exf5 $2 {[%mdl 8192]} (30... axb4 $16 31. Rhg4+ Kh8) 31. Bd5+ Bf7 32. Bxf7+ (32. Bxf8 $142 Kxf8 33. Bxf7 Kxf7 34. Rd7+ Ke6 35. Rd6+ $3 {[%mdl 512]} Ke7 36. Rxh7+ Kxd6 37. Nc4+ Ke6 38. Nxb2) 32... Rxf7 $18 33. Rd3 $2 Kg7 $2 {[%mdl 8192]} (33... axb4 $17 34. Rd8+ Rf8 35. Rxf8+ Kxf8) 34. a4 $2 Kg6 $2 {[%mdl 8192]} (34... axb4 $17 35. Kf3 Qf6) 35. Rc4 $2 Kg5 $2 {[%mdl 8192]} (35... axb4 $15 36. Rd6+ Rf6) 36. Rcd4 $2 Qxc2+ {[%mdl 8192]} 37. Kf3 $4 {[%mdl 8192]} (37. Nxc2 $18 axb4 38. Rxb4) 37... Qxa4 $4 {[%mdl 8192] [#]} (37... Qc6+ $19 38. Kf2 axb4 39. Rxb4 Re7) 38. Kg2 $4 {[%mdl 8192]} Qc2+ $4 {[%mdl 8192]} 39. Kh3 $4 {[%mdl 8192]} (39. Nxc2 $18 {was the only winning move.} axb4 40. Rxb4) 39... Qb1 $2 {Both players deserved the win here.  Weighted Error Value: White=2.34/Black=0.71} ({Better is} 39... Qc6 $19 {[%cal Rc6h1]} 40. Nf1 axb4) 1/2-1/2

[Event "Magistral Osasco 60 Anos 2022"]
[Site "Sao Paolo"]
[Date "2022.02.25"]
[Round "7.3"]
[White "Quintiliano Pinto, Renato R."]
[Black "Di Berardino, Diego Rafael"]
[Result "1/2-1/2"]
[WhiteElo "2468"]
[BlackElo "2483"]
[Annotator "TA"]
[PlyCount "136"]
[EventDate "2022.02.19"]
[EventType "tourn"]
[EventCountry "BRA"]
[SourceTitle "playchess.com"]
[Source "ChessBase"]
[SourceQuality "1"]

{[%evp 9,136,10,54,3,7,6,0,14,0,0,0,0,0,0,0,0,0,0,9,8,23,12,36,8,17,14,14,0,0,0,32,0,46,41,61,44,43,52,56,60,43,4,18,24,17,12,23,0,0,0,0,-29,-26,-33,0,0,0,0,0,-40,-44,-137,-130,-125,-117,-125,-120,-134,-121,-152,-152,-159,-159,-159,-156,-160,-100,-106,-100,-100,-100,-101,-101,-205,-184,-177,-177,-498,-214,-214,-216,-227,-399,-641,-757,-643,-924,-725,-913,-679,-272,-1002,-41,-41,-32,-32,-32,-32,-32,-32,0,-32,-32,-32,-32,-32,-32,-32,0,-32,-32,-40,0,0,0,0,0,0,0]} 1. d4 Nf6 2. c4 e6 3. Nf3 d5 4. Nc3 dxc4 5. e4 b5 (5... Bb4 $11) 6. Nxb5 {D24: Queen's Gambit Accepted: 3 Nf3 Nf6 4 Nc3.} (6. e5 $14 Nd5 7. Nxb5) 6... Nxe4 $11 7. Qa4 {Prevents Bb4+.} c6 8. Nc3 Nxc3 9. bxc3 Ba6 10. Bxc4 Bxc4 11. Qxc4 Bd6 12. O-O O-O {[#]} 13. g3 $146 ({Predecessor:} 13. Rb1 Qc7 14. Qd3 Nd7 15. c4 c5 16. d5 exd5 17. Qxd5 Nb6 18. Qd3 Rad8 19. Qc2 {½-½ (100) Carlsen,M (2847)-Nepomniachtchi,I (2789) chess24.com INT 2021}) 13... Qa5 14. Be3 Qd5 15. Qe2 Nd7 16. Rfd1 (16. c4 $5 {[%cal Rc4d5]} Qh5 17. Kg2 $11) 16... Rfe8 17. Nd2 Qf5 18. Rab1 Nb6 19. c4 Bc7 20. Rdc1 Rac8 (20... e5 $11 21. d5 cxd5 22. cxd5 Qd7) 21. Qf3 $14 Qg6 22. Qxc6 Bxg3 $1 23. Qg2 Bh4 24. Qxg6 (24. a4 {with more complications.} Rc6 25. a5 Nc8 26. c5 Ne7 27. Rb7) 24... hxg6 25. Nf3 {[#] c5 is the strong threat.} Bf6 26. c5 Nd5 27. Rb7 a6 28. c6 Re7 29. Bd2 Kf8 30. Rc5 Rec7 31. Rxc7 Rxc7 32. Ba5 $1 {[%cal Oc5d5] aiming for Rxd5!} Rc8 33. c7 Ne7 34. Bb4 Ke8 35. Ra5 (35. Rc4 $15) 35... Nc6 $17 ({Weaker is} 35... Rxc7 36. Bxe7 Rxe7 37. Rxa6 $11) 36. Ra4 Rxc7 37. Bc5 a5 38. Nd2 Be7 39. Nb3 Bxc5 40. dxc5 {[%mdl 4096] Endgame KRN-KRN} g5 41. Ra3 Ra7 42. Nd2 Rd7 (42... f6 $142 43. Rb3 Nb4) 43. Nc4 Rd5 44. Nxa5 Rxc5 45. Nxc6 Rxc6 {KR-KR} 46. Ra7 (46. Rg3 $17) 46... Rc3 47. Kg2 g4 {To avoid h3} 48. a4 $2 (48. Kf1) 48... Ra3 $19 49. a5 g5 50. Kg1 {[#]} Kf8 $1 {Threatens to win with ...Kg7.} 51. Kg2 $2 (51. a6 Ra2 52. Ra8+ Ke7 53. Kg2) 51... Kg7 52. Kg1 Kg6 53. Kg2 f6 54. Ra8 Kf5 55. a6 Ke5 $2 (55... Kf4 $19 {Strongly threatening ...e5.} 56. a7 Ke5) 56. a7 $15 f5 57. Kg1 $1 Ra2 58. Kf1 $1 Ra1+ 59. Kg2 $1 Ra3 {White must now prevent ...Ra1.} 60. Kg1 $1 Ra4 61. Kf1 $1 Ra2 62. Kg1 $1 Ra6 63. Kf1 $1 Ra1+ 64. Kg2 $1 Ra5 {Hoping for ...Ra1.} 65. Kf1 f4 66. Kg2 $1 {The position is equal.} Ra3 67. Rg8 Rxa7 68. Rxg5+ Kf6 {Whites escaped into a draw.  Weighted Error Value: White=0.19 (very precise) /Black=0.21 (precise)} 1/2-1/2

[Event "Magistral Osasco 60 Anos 2022"]
[Site "Sao Paolo"]
[Date "2022.02.25"]
[Round "7.4"]
[White "Languidey, Simon Alejandro"]
[Black "Rodi, Luis Ernesto"]
[Result "1/2-1/2"]
[WhiteElo "2403"]
[BlackElo "2347"]
[Annotator "TA"]
[PlyCount "75"]
[EventDate "2022.02.19"]
[EventType "tourn"]
[EventCountry "BRA"]
[SourceTitle "playchess.com"]
[Source "ChessBase"]
[SourceQuality "1"]

{[%evp 14,75,7,-1,8,12,-4,-26,-14,-67,-65,-56,-27,-29,-19,-79,-75,-141,-142,-151,-138,-148,-78,-98,-79,-100,-17,-10,0,0,0,0,0,0,0,0,0,0,0,0,0,0,0,0,0,0,0,0,0,0,0,0,0,-78,0,0,0,0,0,0,0,0,0,0]} 1. e4 c6 {[%cal Bc7c6,Bc6d5,Bd5c4][%mdl 32]} 2. d4 d5 3. exd5 cxd5 4. c4 Nf6 5. Nc3 Nc6 {[%cal Bb8c6,Bc6e5,Be5g6][%mdl 32]} 6. Bg5 dxc4 7. d5 Ne5 8. Qd4 {[%csl LRc4,LRe5] [#]} h6 $1 {B13: Caro-Kann: Exchange Variation and Panov-Botvinnik Attack.} 9. Bf4 Ng6 10. Bg3 e5 {Black has an edge.} 11. Qxc4 (11. Bxe5 $11 Nxe5 12. Qxe5+ Be7 13. O-O-O (13. Bxc4 O-O $11)) 11... Bd6 $15 12. Bd3 O-O {[#]} (12... Nf4 {is interesting.} 13. Bxf4 exf4 14. Nf3 O-O 15. O-O Bg4) 13. Bxg6 $146 ({Predecessor:} 13. Nge2 Ne7 14. O-O Bf5 15. Rfd1 a6 16. a4 Rc8 17. Qb3 Bxd3 18. Rxd3 Rc7 19. f3 {1-0 (40) Vuckovic,A (2327)-Schwerteck,M (2090) Reutlingen 2011}) 13... fxg6 {[%cal Bf7g6,Bg6g5,Bg5g4][%mdl 32]} 14. Nge2 (14. Nf3 $11 {remains equal.}) 14... Bf5 $17 15. Rd1 ({White should try} 15. O-O) 15... a6 16. Qb3 b5 17. a3 {To avoid b4} Nh5 (17... Rb8 $142 18. O-O b4 19. axb4 Rxb4) 18. O-O g5 19. f3 Rb8 ({Better is} 19... Qf6 $1 $17 {And now ...Qg6 would win.} 20. h3 Qg6) 20. Ne4 $11 g4 21. Nxd6 Qxd6 22. Qe3 Nxg3 23. Nxg3 gxf3 24. Rxf3 Bg6 25. Rxf8+ Rxf8 26. h3 Rf4 27. Rd2 Rd4 28. Rxd4 exd4 29. Qxd4 Qxg3 30. d6 {[%cal Bd5d6,Bd6d7][%mdl 32] Hoping for d7.} Qe1+ (30... Qg5 $5 31. d7 Qd8 $11) 31. Kh2 Qe8 {...Bf5 is the strong threat.} (31... Bf5 $5 32. d7 Bxd7 $1 33. Qxd7 Qe5+ 34. Kg1 Qe1+ 35. Kh2 Qe5+ 36. Kg1 Qxb2 $11) 32. d7 Qd8 33. Qd6 {[#]} (33. Qd5+ $1 $11 {keeps the balance.} Kh8 34. g4) 33... Kf7 (33... Bh7 $1 $17) 34. Qd5+ {The position is equal.} Ke7 35. Qe5+ Kf8 36. Qd6+ Kf7 {White must now prevent ...Bf5.} 37. Qd5+ Ke7 38. Qe5+ {Weighted Error Value: White=0.14 (very precise) /Black=0.11 (very precise)} 1/2-1/2

[Event "Magistral Osasco 60 Anos 2022"]
[Site "Sao Paolo"]
[Date "2022.02.25"]
[Round "7.5"]
[White "Supi, Luis Paulo"]
[Black "Cubas, Jose Fernando"]
[Result "1-0"]
[WhiteElo "2581"]
[BlackElo "2469"]
[Annotator "TA"]
[PlyCount "67"]
[EventDate "2022.02.19"]
[EventType "tourn"]
[EventCountry "BRA"]
[SourceTitle "playchess.com"]
[Source "ChessBase"]
[SourceQuality "1"]

{[%evp 16,67,15,14,25,28,31,9,16,17,21,28,27,37,27,7,34,31,27,8,27,0,57,19,0,-11,-28,-33,31,26,29,28,70,46,46,47,43,37,36,31,28,21,108,106,356,315,329,310,297,322,318,316,297,281]} 1. e4 c5 2. Nf3 Nc6 3. Bb5 g6 4. Bxc6 dxc6 5. d3 Bg7 6. h3 Nf6 {[%cal Bg8f6,Bf6d7,Bd7f8,Bf8e6,Be6d4][%mdl 32]} 7. Nc3 Nd7 8. Be3 e5 9. Qd2 h6 {9...h6 scores better than 9...Qe7. B31: Sicilian: 2...Nc6 3 Bb5 g6.} 10. O-O b6 11. Nh2 Nf8 {The position is equal.} 12. f4 exf4 13. Bxf4 Ne6 {[%cal Oc5c4]} 14. Be3 Nd4 15. Nd1 Qe7 16. c3 Ne6 17. Nf2 g5 {[#]} 18. Qd1 $146 ({Predecessor:} 18. Nf3 f6 19. a4 O-O 20. a5 Rb8 21. axb6 axb6 22. Nh1 Qd6 23. g4 Rd8 24. Rad1 {1-0 (110) Bernal Varela,N (2493)-Wosch,A (2429) FICGS email 2020}) 18... h5 (18... Ba6 $11) 19. a4 (19. Qa4 $5 {[%cal Ra4c6]} Bb7 20. Nf3 $11) 19... a5 20. d4 Ba6 21. Re1 Rd8 (21... O-O-O $15 22. Nf3 Kb7) 22. Nf3 $14 cxd4 23. cxd4 Qb4 {Inhibits Qb3.} (23... g4 $11 {was preferrable.} 24. hxg4 hxg4 25. Nxg4 Bxd4 26. Bxd4 Nxd4 27. Nxd4 c5) 24. Qc2 Qc4 25. Qd2 g4 (25... Nxd4 $2 26. Bxd4 Bxd4 27. Nxd4 Qxd4 28. Qxg5 $18) 26. hxg4 hxg4 ({Not} 26... Nxd4 27. Bxd4 Bxd4 28. Nxd4 Qxd4 29. Qg5 $16) (26... Bxd4 27. Nxd4 Nxd4 28. Bxd4 Qxd4 29. Qg5 $16) 27. Nxg4 {[#] aiming for Nge5.} Nxd4 ({Much less strong is} 27... Bxd4 28. Rac1 Bxe3+ 29. Qxe3 Qxa4 30. b3 $16 (30. Qxb6 Bb5 $16)) 28. Nxd4 Rxd4 (28... Bxd4 $11 29. Rad1 c5) 29. Qf2 $16 {And now Nf6+ would win.} Rxe4 $2 {This move loses the game for Black.} (29... Rd7 $16 {was worth a try.}) 30. Nf6+ Bxf6 {White has a decisive advantage.} 31. Qxf6 O-O 32. Qg5+ Kh7 {[#]} 33. Kf2 $1 {White threatens Rh1+ and mate.} ({Less strong is} 33. Bxb6 Qd5 34. Qxd5 (34. Qg3 Rfe8 $14) 34... cxd5 $16) 33... Qc2+ 34. Kg3 {Weighted Error Value: White=0.08 (flawless) /Black=0.32} 1-0